Longman language activator.

Đã lưu trong:
Sonraí Bibleagrafaíochta
Formáid: Leabhar
Teanga:English
Foilsithe: Great Britain : Longman, 1993.
Ábhair:
Clibeanna: Cuir Clib Leis
Gan Chlibeanna, Bí ar an gcéad duine leis an taifead seo a chlibeáil!
Thư viện lưu trữ: Mạng thư viện Đại học Đà Nẵng
LEADER 00726cam a2200301 i 4500
001 000044538
003 2939
005 20030314124744.0
008 010220|1993 vm 000 eng
020 |a 0582040930 
040 |a IRC  |c IRC  |d IRC 
041 0 |a eng 
082 1 4 |a 423  |b Lo-L 
245 0 0 |a Longman language activator. 
260 |a Great Britain :  |b Longman,  |c 1993. 
300 |a 1598P. ;  |c 24cm. 
630 0 4 |a Longman dictionary. 
650 0 4 |a English language  |v Dictionaries. 
OWN |a DUT 
999 |a From the UDN01 
TYP |a Monograph 
TYP |a Printed language 
980 |a Mạng thư viện Đại học Đà Nẵng